书目信息 |
| 题名: |
财税会计辞典
|
|
| 作者: | ;山东省财政科学研究所 主编 | |
| 分册: | ||
| 出版信息: | 济南 山东人民出版社 1985 |
|
| 页数: | 558页 | |
| 开本: | 19cm | |
| 丛书名: | ||
| 单 册: | ||
| 中图分类: | F810.42 | |
| 科图分类: | ||
| 主题词: | 税收会计--词典 , 财政 | |
| 电子资源: | ||
| ISBN: | ||
| 000 | 00763nam0 2200277 45 | |
| 001 | 0185002821 | |
| 005 | 20040430082911.7 | |
| 010 | @b精装@dCNY4.45 | |
| 091 | @a17099.36 | |
| 100 | @a19900816d1985 em y0chiy0121 ea | |
| 101 | 0 | @achi |
| 102 | @aCN@b370000 | |
| 105 | @ay e 000yy | |
| 106 | @ar | |
| 200 | 10 | @a财税会计辞典@Acai shui kuai ji ci dian@f山东省财政科学研究所主编 |
| 205 | @a2版 | |
| 210 | @a济南@c山东人民出版社@d1985 | |
| 215 | @a558页@d19cm | |
| 606 | @a税收会计@x词典 | |
| 606 | 0 | @a财政 |
| 610 | 0 | @a财税@a会计 |
| 690 | @aF810.42 | |
| 711 | 02 | @a山东省财政科学研究所@Ashan dong sheng cai zheng ke xue yan jiu suo@4主编 |
| 801 | 0 | @aCN@b深圳图书馆@c20040430 |
| 801 | 2 | @aCN@bNLC@c20040430 |
| 905 | @f2@b155293-294@dF810.42@e17 | |
| 财税会计辞典/山东省财政科学研究所主编.-2版.-济南:山东人民出版社,1985 |
| 558页;19cm |
| ISBN (精装):CNY4.45 |
| ● |
| 相关链接 |
|
|
|
|
正题名:财税会计辞典
索取号:F810.42/17
 
预约/预借
| 序号 | 登录号 | 条形码 | 馆藏地/架位号 | 状态 | 备注 |
| 1 | 0155293 | 000491033 | 第一借阅区/ [索取号:F810.42/17] | 在馆 | |
| 2 | 0155294 | 000491042 | 密集书库/ [索取号:F810.42/17] | 在馆 | |
| 3 | 0155295 | 000490098 | 第一样本阅览室/ [索取号:F810.42/17] | 在馆 |